01136nam a2200325Ic 450000100060000000300100000600500170001600700030003300800410003602000180007704000350009504100080013008200220013810000260016024501040018625000220029026400490031230000350036133600270039633700330042333800280045649000210048450500400050552100410054554500650058665000460065165000290069765000560072670000280078259864CO-BoRNBP20251107210651.0ta210825s2013 sp a er 000 0 spa d a9788498743241 aCO-BoRNBPbspaerdacCO-BoRNBP aspa04a646.407bG34a2221 aGilewska, Teresaeaut10aArreglos y modificaciones de prendas de vestir /cTeresa Gilewska ; traducción Ana María Aznar. aPrimera edición 1aMadird, España :bEditorial el Drac,c2013 a176 páginas :bilustraciones atextobtxt2rdacontent asin mediaciónbn2rdamedia avolumenbnc2rdacarrier0 aDiseño de moda0 aArreglos corrientes Modificaciones aRecomendado para un público adulto aIncluye datos biograficos de la autoa en la contracarátula07aCosturavManuales, vademécum, etc2LEMB07aModaxConfección2LEMB07aPrendas de vestirvManuales, vademécum, etc2lemb aAznar, Ana Maríaetrl